000 00623nam a2200253Ia 4500
005 20260121153803.0
008 008 260114s9999 xx 000 0 eng d
020 _a9780203862629
037 _aEBOOK
040 _aCRL
040 _beng
040 _cCRL
041 _2eng
041 _aeng
084 _qCRL
100 _aRobert E Stevens; Ronald A Nykiel; David L Loudon
_9999106
245 0 _aMarketing Your Business
260 _bTaylor and Francis
260 _c2003
856 _uhttp://www.taylorfrancis.com/books/9780203862629
942 _cEBOOK
999 _c1565927
_d1565927